Sociology for GNM Nursing Students/ (Record no. 1809)

MARC details
000 -LEADER
Fixed length control field 00601nam a2200229Ia 4500
003 - CONTROL NUMBER IDENTIFIER
Control field IIN
005 - DATE AND TIME OF LATEST TRANSACTION
Control field 20250507144321.0
008 - FIXED-LENGTH DATA ELEMENTS--GENERAL INFORMATION
Fixed length control field 250507s2022 xx ad 001 0 eng d
020 ## - INTERNATIONAL STANDARD BOOK NUMBER / ISBN
Price Rs.250.00
International Standard Book Number 9788194869313
040 ## - CATALOGING SOURCE
Original cataloging agency IIN
Language of cataloging English
082 ## - DEWEY DECIMAL CLASSIFICATION NUMBER
Classification number 610.73
Book Number JYO
100 1# - MAIN ENTRY--PERSONAL NAME
Personal name Jyoti
245 1# - TITLE STATEMENT
Title Sociology for GNM Nursing Students/
Statement of responsibility Jyoti; edited by Ratna Prakash
250 ## - EDITION STATEMENT
Edition statement 2nd ed.
260 ## - IMPRINT
Place of publication New Delhi
Name of publisher CBSPD
Date of publication 2022
300 ## - PHYSICAL DESCRIPTION
Page / Vol. No 165p.
Other physical details ill.
500 ## - GENERAL NOTE
General note Includes Index
650 1# - SUBJECT ADDED ENTRY--TOPICAL TERM
Topical term Sociology
650 1# - SUBJECT ADDED ENTRY--TOPICAL TERM
Topical term Sociology
Form subdivision Nursing
700 ## - ADDED ENTRY--PERSONAL NAME
Personal name Prakash, Ratna (ed.)
942 ## - ADDED ENTRY ELEMENTS (KOHA)
Koha item type Books
Holdings
Withdrawn status Lost status Source of classification Damaged status Not for loan Collection code Home library Current library Shelving location Date acquired Price Total Checkouts Call number Accession number Date last seen Price effective from Koha item type
    Dewey Decimal Classification     Purches Book IDEAL INSTITUTE OF NURSING IDEAL INSTITUTE OF NURSING General Stacks 11/03/2025 250.00   610.73 JOY 2005 07/05/2025 07/05/2025 Books
© Ideal Institute Of Nursing, All rights reserved.         Powered by Koha